000 00756nam a2200241Ia 4500
003 OSt
005 20221005125044.0
006 a|||||r|||| 00| 0
007 ta
008 221004b |||||||| |||| 00| 0 eng d
024 _a64816
037 _cTextual
040 _aCRL
_cCRL
_beng
041 _2eng
_aeng
082 _aV1Q7:1:D8, F8
100 _aAl-Baladhuri Abbas Ahmed Ibn-Jabir
_9636143
245 0 _aOrigins of the Islamic State being a translated from the Arabic book Kitab Futch al Buldan by Francis Clark Murgotten.
260 _c1928
490 _aStudies in history, economic and public law
650 _aHISTORY
942 _hV1Q7:1:D8, F8
_cTEXL
_2cc
999 _c1052551
_d1052551